Characterization of cereals and flours : Poperties, analysis, and applications

Đã lưu trong:
書目詳細資料
格式: 圖書
語言:Undetermined
出版: New York Marcel Dekker 2003
主題:
標簽: 添加標簽
沒有標簽, 成為第一個標記此記錄!
Thư viện lưu trữ: Trung tâm Học liệu Trường Đại học Cần Thơ
LEADER 00541nam a2200193Ia 4500
001 CTU_98647
008 210402s9999 xx 000 0 und d
082 |a 664.7 
082 |b C469 
245 0 |a Characterization of cereals and flours : 
245 0 |b Poperties, analysis, and applications 
245 0 |c Gönül Kaletunç 
260 |a New York 
260 |b Marcel Dekker 
260 |c 2003 
650 |a Grain,Grain 
650 |x Analysis,Processing 
904 |i Tuyến 
980 |a Trung tâm Học liệu Trường Đại học Cần Thơ